| 000 | 00582cam a2200205 4500 | ||
|---|---|---|---|
| 001 | D6316 | ||
| 008 | 090401t1969 xxu||||| |||| 00| 0 eng d | ||
| 035 | _a(Sirsi) u239 | ||
| 041 | _aeng | ||
| 050 | _a692.8 | ||
| 100 | _aKeating, Donald | ||
| 245 | _aLaw and practice of building contracts, including the law relating to architects and surveyors, with a glossary of building terms by Paul Badcock | ||
| 250 | _a3rd | ||
| 260 |
_aLondon _bSweet & Maxwell _c1969 |
||
| 300 | _alxii. 558p | ||
| 350 | _a0 | ||
| 520 | _aFirst edition 1955 | ||
| 942 | _n0 | ||
| 948 | _c04/03/1997 | ||
| 999 |
_c85498 _d85498 |
||